<?xml version="1.0" encoding="UTF-8"?>
<marc:record xmlns:marc="http://www.loc.gov/MARC21/slim">
   <marc:leader>00000nam a2200000 a 4500</marc:leader>
   <marc:datafield ind1="1" ind2=" " tag="100">
      <marc:subfield code="a">Landy, Derek</marc:subfield>
      <marc:subfield code="4">aut</marc:subfield>
      <marc:subfield code="e">Verfasser/-in</marc:subfield>
   </marc:datafield>
   <marc:datafield ind1="0" ind2="0" tag="245">
      <marc:subfield code="a">Skulduggery Pleasant - Die Rückkehr der toten Männer</marc:subfield>
   </marc:datafield>
   <marc:datafield ind1="0" ind2="0" tag="245">
      <marc:subfield code="b">Bd. 8</marc:subfield>
   </marc:datafield>
   <marc:datafield ind1=" " ind2="1" tag="264">
      <marc:subfield code="b">Loewe</marc:subfield>
      <marc:subfield code="c">2016</marc:subfield>
   </marc:datafield>
   <marc:datafield ind1="1" ind2=" " tag="490">
      <marc:subfield code="a">Skulduggery Pleasant</marc:subfield>
   </marc:datafield>
   <marc:datafield ind1="1" ind2=" " tag="520">
      <marc:subfield code="a">Es herrscht Krieg! Doch diesmal stellen sich die Sanktuarien der Welt gegen das irische Sanktuarium. Denn Irland ist eine Wiege der Magie und das weckt Begehrlichkeiten. Und so kämpfen nun Zauberer gegen Zauberer in einem sinnlosen Bruderkrieg, während im Verborgenen Hexen und Warlocks nur darauf warten, die Zauberergemeinschaft an ihrer verwundbarsten Stelle zu treffen. Aber Irland hat eine Geheimwaffe - die Toten Männer. Jene unerschrockene Truppe von Helden um Skulduggery Pleasant, die schon gegen Mevolent gekämpft haben. Und mitten unter ihnen ein neues Mitglied: Walküre Unruh, Skulduggerys erwachsen gewordene Gefährtin. Niemand ahnt, dass Walküre selbst die größte Zerstörung bringen wird. Spiegel- Bestsellerautor Derek Landy mit einem weiteren actiongeladenen Fantasy-Abenteuer über den coolen Skelett-Detektiv Skulduggery Pleasant. Spaß und Spannung garantiert.</marc:subfield>
   </marc:datafield>
   <marc:datafield ind1=" " ind2=" " tag="020">
      <marc:subfield code="a">9783785582435</marc:subfield>
      <marc:subfield code="9">9783785582435</marc:subfield>
   </marc:datafield>
</marc:record>
